000 00451nam a2200181Ia 4500
001 23680
005 20260414150953.0
008 260414t2021||||xx |||||||||||||| ||spa||
041 _aESP
082 _a690.068
_bB24
100 _aBarnes, Peter,
_eAUT
245 0 _aBIM for project managers :
_bigital construction management
260 _c2021
300 _a183 páginas :
_c23 cm.
650 _a0
654 _aCIC
942 _cLIB
_dJUS
_fJUS
_2ddc
_n
999 _c23680
_d23680